Welcome to CU Library Online Public Access Catalogue (OPAC)

Study Guide and Lotus Templates for the use with Production and Operations Management (Record no. 9674)

MARC details
000 -LEADER
fixed length control field 00578nam a22001697a 4500
005 - DATE AND TIME OF LATEST TRANSACTION
control field 20260424161349.0
008 - FIXED-LENGTH DATA ELEMENTS--GENERAL INFORMATION
fixed length control field 260424b |||||||| |||| 00| 0 eng d
020 ## - INTERNATIONAL STANDARD BOOK NUMBER
International Standard Book Number 9780256076257
050 ## - LIBRARY OF CONGRESS CALL NUMBER
Classification number TS155 SIM
100 ## - MAIN ENTRY--PERSONAL NAME
Personal name Chase, Richard B.
245 ## - TITLE STATEMENT
Title Study Guide and Lotus Templates for the use with Production and Operations Management
Remainder of title a life cycle approach
Statement of responsibility, etc. Richard B. Chase & Nicholas J. Aquilano
250 ## - EDITION STATEMENT
Edition statement 5th ed.
260 ## - PUBLICATION, DISTRIBUTION, ETC.
Place of publication, distribution, etc. Homewood, IL
-- Boston, MA
Name of publisher, distributor, etc. Irwin
Date of publication, distribution, etc. 1989
300 ## - PHYSICAL DESCRIPTION
Extent 378p.
Other physical details ill.
Dimensions 28cm
700 ## - ADDED ENTRY--PERSONAL NAME
Personal name Aquilano, Nicholas J.
942 ## - ADDED ENTRY ELEMENTS (KOHA)
Source of classification or shelving scheme Library of Congress Classification
Koha item type Books
Edition 5th ed.
Suppress in OPAC No
999 ## -
-- 9674
-- 9674
Holdings
Withdrawn status Lost status Source of classification or shelving scheme Damaged status Not for loan Collection Home library Current library Shelving location Date acquired Total checkouts Full call number Barcode Date last seen Copy number Price effective from Koha item type
    Library of Congress Classification     Non-fiction Business Library (Miotso) Business Library (Miotso) General stacks 04/24/2026   TS155 SIM BSSM00003980 04/24/2026 1 04/24/2026 Books
© 2023-2024 Copyright: Central University Libraries. All Rights Reserved | Created by: Mahone Tech Office